000 00835cam8a220024100 4500
001 lce00550455
005 20190814124218.0
008 730116s1959 nyua b 000 0 eng
010 _a 58012722 /L/r92
035 _a(Sirsi) r97449
035 _a(DLC) 58012722 /L/r92
035 _a(UPRA)lce00550455
040 _aDLC
_cDLC
_dDLC
_dUPRA
050 0 0 _aQR185.B4
_bA3
082 0 0 _a576.6
100 1 _aAdams, Mark Hancock, 1912-1956.
_dAdams, Mark Hancock, 1912-1956.
_6A56037.1
245 1 0 _aBacteriophages /
_cwith chapters by E.S. Anderson [and others] ; electron micrographs by E. Kellenberger.
260 _aNew York :
_bInterscience Publishers,
_c1959.
504 _aIncludes bibliographical references.
650 0 _aBacteriophages.
_6S7055.1
949 _aQR185.B4
_wLC
_i-138396
_mMEDICAL
_tBOOK
_lON-SHELF
004 97449
999 _c53102
_d53102